00578nam a2200169Ia 4500008004000000020001800040082001800058100002500076245004000101260003200141300000800173650003100181690003000212906001100242999001700253952013800270210210b1985 xxu||||| |||| 00| 0 eng d a0 571 11629 9 a617.1027 REIS aREILLY (Thomas), Ed. aSports fitness and sports injuries. aLondonbFaber & Faberc1985 a293 aSports Fitness, Injuries  aAthletic & Outdoor Sports a041355 c91172d91172 001040708medical scienceaALbALcmedical scienced2021-02-17g0.00l0o617.1027 REISp041355r2021-02-17 00:00:00w2021-02-17yBK